Logo BPK

Biblioteka

Politechniki Koszalińskiej

Les Miserables / (Rekord nr 48797)

Szczegóły MARC
000 -ETYKIETA REKORDU
podpole kontrolne o stałej długości 00708nam a2200217 i 4500
001 - NUMER KONTROLNY REKORDU
pole kontrolne bgj
040 ## - ŹRÓDŁO KATALOGOWANIA
Instytucja, która utworzyła rekord BPK
041 0# - KOD JĘZYKA
Kod języka tekstu eng
Kod języka oryginału fre
008 - POLE O STAŁEJ DŁUGOŚCI - DANE KONTROLNE
podpole kontrolne o stałej długości s uk f |000 0 eng
100 1# - NAZWA OSOBOWA
Nazwa osobowa HUGO, Victor
Daty związane z nazwą (1802-1885).
245 10 - TYTUŁ/ODPOWIEDZIALNOŚĆ
Tytuł Les Miserables /
Pozostałe elementy strefy tytułu i oznaczenia odpowiedzialności by Victor Hugo ; translated from the French by Charles E. Wilbour ; with an introduction by James K. Robinson.
260 ## - STREFA ADRESU WYDAWNICZEGO
Miejsce wydania Greenwich, Conn. :
Nazwa wydawcy/dystrybutora Fawcett Publications, Inc.,
Data publikacji, dystrybucji/powstania dokumentu 1961.
300 ## - STREFA OPISU FIZYCZNEGO
Objętość 334 pp ;
Rozmiary 18 cm.
650 #9 - HASŁO PRZEDMIOTOWE W FORMIE NAZWY OGÓLNEJ LUB JEDNOSTKOWEJ
Nazwa ogólna lub geograficzna Ex-convicts
650 #9 - HASŁO PRZEDMIOTOWE W FORMIE NAZWY OGÓLNEJ LUB JEDNOSTKOWEJ
Nazwa ogólna lub geograficzna Orphans
651 #9 - HASŁO PRZEDMIOTOWE W FORMIE NAZWY GEOGRAFICZNEJ
Nazwa geograficzna France
Określnik ogólny Social life and customs
Określnik geograficzny Paris
Określnik chronologiczny 19th century
655 ## - TERMIN INDEKSOWY - OKREŚLENIE RODZAJU/FORMY DOKUMENTU
Określenie rodzaju/formy dokumentu Fiction
700 1# - HASŁO DODATKOWE - NAZWA OSOBOWA
Nazwa osobowa WILBOUR, Charles E.
Określenie związku między hasłem a opisywanym materiałem translator
700 1# - HASŁO DODATKOWE - NAZWA OSOBOWA
Nazwa osobowa ROBINSON, James K.
856 ## - LOKALIZACJA I DOSTĘP DO ELEKTRONICZNYCH DOKUMENTÓW ZDALNYCH
Link (URL) http://koha.tu.koszalin.pl/cgi-bin/koha/opac-detail.pl?biblionumber=48797
Tekst linku Katalog online BPK
942 ## - DODATKOWE ELEMENTY (KOHA)
Typ dokumentu Książka
Egzemplarze
Wycofany Status egzemplarza Uszkodzony Dostępność Lokalizacja stała Lokalizacja bieżąca Miejsce przechowywania Sygnatura Kod kreskowy Typ dokumentu
      Dostępny Biblioteka Politechniki Koszalińskiej Biblioteka Politechniki Koszalińskiej Wypożyczalnia Językowa KA 6121 09050570 Książka
© 2023 Biblioteka Politechniki Koszalińskiej :: KOHA